[Event "IECG C3.2001.0.00174"]
[Site "IECG email"]
[Date "2001.02.04"]
[Round "?"]
[White "Fetters, Alan"]
[Black "Mori, Roberto"]
[Result "0-1"]
[WhiteElo "1353"]
[BlackElo "1281"]
[PlyCount "78"]
[EventDate "2001.02.04"]
[EventType "tourn (corr)"]
[EventRounds "6"]
[SourceTitle "Corr 2008"]
[Source "ChessBase"]
[SourceDate "2008.06.24"]
[SourceVersion "1"]
[SourceVersionDate "2008.06.24"]
[SourceQuality "1"]

1. e4 c5 2. Nf3 Nc6 3. Nc3 Nf6 4. Bc4 e6 5. 0-0 d5 6. exd5 exd5 7. Bb5 Be7 8. d4 0-0 9. dxc5 Bxc5 10. Bg5 Be6 11. Re1 Qb6 12. Re2 Ng4 13. Bh4 d4 14. Bxc6 dxc3 15. b4 Bxf2+ 16. Bxf2 Nxf2 17. Rxf2 Rad8 18. Qe1 Qxc6 19. Ne5 Qc8 20. a4 f6 21. Nd3 Bf5 22. Ra3 Bxd3 23. Rxc3 Bc4 24. Rf4 Qe6 25. Qxe6+ Bxe6 26. Rc7 Rd2 27. Re4 Rxg2+ 28. Kxg2 Bd5 29. c4 Bxe4+ 30. Kg3 g5 31. h4 Rf7 32. Rc8+ Kg7 33. hxg5 fxg5 34. a5 h5 35. Ra8 a6 36. b5 Rf3+ 37. Kh2 g4 38. Re8 g3+ 39. Kg1 Re3 0-1

[Event "IECG C3.2001.0.00174"]
[Site "IECG email"]
[Date "2001.02.04"]
[Round "?"]
[White "Fetters, Alan"]
[Black "Sparreboom, Martin"]
[Result "0-1"]
[WhiteElo "1353"]
[BlackElo "1200"]
[PlyCount "68"]
[EventDate "2001.02.04"]
[EventType "tourn (corr)"]
[EventRounds "6"]
[SourceTitle "Corr 2008"]
[Source "ChessBase"]
[SourceDate "2008.06.24"]
[SourceVersion "1"]
[SourceVersionDate "2008.06.24"]
[SourceQuality "1"]

1. e4 e5 2. Nf3 Nc6 3. d4 exd4 4. Nxd4 Nxd4 5. Qxd4 Nf6 6. e5 c5 7. Qh4 Qe7 8. Bf4 Nd5 9. Bg3 Qxh4 10. Bxh4 g6 11. Na3 Be7 12. Bxe7 Nxe7 13. Nb5 0-0 14. 0-0-0 Nc6 15. f4 f6 16. Bc4+ Kh8 17. Nc7 Rb8 18. exf6 Rxf6 19. Ne8 Rf8 20. Rde1 b5 21. Bd3 c4 22. Bf1 Rxf4 23. g3 Rf8 24. Bh3 Bb7 25. Nd6 Nd4 26. Nxb7 Rxb7 27. Re7 Rf2 28. Rxd7 Rxc2+ 29. Kb1 Rxd7 30. Bxd7 Rd2 31. Kc1 Rf2 32. Rd1 Ne2+ 33. Kb1 c3 34. Rc1 Nxc1 0-1